000 00670nam a2200241 i 4500
001 C2-0322085
003 PPAK
005 20180728121112.0
008 130429s2008 nyua|||| ||||| | eng d
020 _a9780545060394
040 _aPPAK
_beng
_cPPAK
_erda
082 0 4 _a823
_223
090 0 0 _a823
_bRIO
_dLCK
100 1 _aRiordan, Rick,
_eauthor
245 1 4 _aThe Maze of bones :
_bThe 39 clues
264 1 _aNew York :
_bSholastic ,
_c2008
300 _a[220 pages] :
_billustrations ;
_c20 cm +
336 _2rdacontent
_atext
337 _2rdamedia
_aunmediated
338 _2rdacarrier
_avolume
650 1 0 _aTreasure hunt (Game) Fiction.
942 _ddc
_cB
999 _c122462
_d122462